000 00627nam a2200229Ia 4500
003 OSt
005 20230518100224.0
008 210423s1990 xx 000 0 und d
020 _a3-540-50986-0
040 _cAL
041 _aeng
082 _a530.12 GRER
100 _aGREINER (Walter)
_9107655
245 _aRelativistic quantum mechanics: wave equations
260 _aNew York
_bSpringer Verlag
_c1990
300 _axvi,345
_bPB
365 _b4250
_cINR
650 _aPhysics
_9107656
650 _aQuantum Mechanics
_9107657
906 _aequations ; mechanics: ; quantum ; Relativistic ; wave
942 _2ddc
_cBK
999 _c167680
_d167680